000 00581cam a22002171 4500
001 sa 68016729
003 DLC
005 20260227112657.0
008 790111s1966 io 000 0 ind
010 _asa 68016729
035 _a(OCoLC)4540594
040 _aDLC
_cOAU
_dDLC
042 _apremarc
050 0 0 _aBP172
_b.N33
100 1 _aNahdi, Saleh A.
245 1 0 _aWafatnja Almasih dan al-Azhar,
_coleh Saleh A. Nahdi.
250 _a[Tjet. 1.]
260 _aSurabaja,
_b"Radja-Pena"
_c[1966]
300 _a32 p.
_c14 cm.
600 0 0 _aJesus Christ
_xIslamic interpretations.
999 _c87274
_d87274